000
00212 a2200097 4500
001
26179
100
_a
Hornby A S
245
_a
English-Reader's Dictionary
260
_a
_b
Oxford Press
_c
090
_c
17662
_d
17662
942
_a
NUST-CAE
_c
M
_c
8516
999
_c
261252
_d
261252